ბათუმის შოთა რუსთაველის სახელმწიფო უნივერსიტეტის ბიბლიოთეკა

Tuppence To Tooley Street. (ბიბ.ჩანაწერი № 46093)

000 -LEADER
fixed length control field 00633nam a2200229Ia 4500
001 - CONTROL NUMBER
control field 12923
003 - CONTROL NUMBER IDENTIFIER
control field GE_BSU
008 - FIXED-LENGTH DATA ELEMENTS--GENERAL INFORMATION
fixed length control field 181216s||||||||xx |||||||||||||| ||und||
020 ## - INTERNATIONAL STANDARD BOOK NUMBER
International Standard Book Number 074723194X.
040 ## - CATALOGING SOURCE
Transcribing agency GE_BSU
080 ## - UNIVERSAL DECIMAL CLASSIFICATION NUMBER
Universal Decimal Classification number 821.111-32
100 ## - MAIN ENTRY--PERSONAL NAME
Personal name Bowling,Harry.
245 ## - TITLE STATEMENT
Title Tuppence To Tooley Street.
245 #2 - TITLE STATEMENT
Remainder of title A new cockney novel from the bestselling author of conner street's war.
260 ## - PUBLICATION, DISTRIBUTION, ETC.
Place of publication, distribution, etc. London.
260 ## - PUBLICATION, DISTRIBUTION, ETC.
Name of publisher, distributor, etc. Headline.
260 ## - PUBLICATION, DISTRIBUTION, ETC.
Date of publication, distribution, etc. 1989
300 ## - PHYSICAL DESCRIPTION
Extent 294p;18cm.
653 ## - INDEX TERM--UNCONTROLLED
Uncontrolled term A new cockney novel from the bestselling author of conner street's war.
653 ## - INDEX TERM--UNCONTROLLED
Uncontrolled term Tuppence To Tooley Street.
942 ## - ADDED ENTRY ELEMENTS (KOHA)
Koha item type წიგნი
ეგზემპლარები
Withdrawn status Lost status Damaged status Not for loan Date acquired Barcode Date last seen Price effective from Koha item type
        2018-12-17 36391 2018-12-17 2018-12-17 წიგნი